| 000 | 01124cas a2200349 4500 | ||
|---|---|---|---|
| 001 | 11151280 | ||
| 005 | 20180111080307.0 | ||
| 008 | 770505c19589999iluar 0 a0eng c | ||
| 010 |
_a 58026525 _z 2002105864 |
||
| 022 |
_a0069-8091 _21 |
||
| 035 | _a(OCoLC)ocm02941497 | ||
| 040 |
_aNSD _beng _cNSD _dDLC _dOCL _dNSD _dOCL _dDLC _dNST _dDLC _dOCLCQ _dOCLCF _dOCLCO _dOCL |
||
| 041 | _aeng | ||
| 042 |
_ansdp _apcc |
||
| 080 | _a032 ROB | ||
| 082 | 4 | _a032 ROB | |
| 100 | _a23 | ||
| 101 | _aENC | ||
| 222 | 4 | _aThe Compton yearbook | |
| 245 | 0 | 4 | _aThe Compton yearbook. |
| 246 | 1 | 0 |
_aCompton's yearbook _f<2002-> |
| 362 | 0 | _a1958- | |
| 580 | _aAn annual supplement to: Compton's encyclopedia and fact-index. | ||
| 580 | _aAlso published <2002-> under title: World book year book. | ||
| 590 | _aSERBIB/SERLOC merged record | ||
| 648 | 7 |
_a1945-1989 _2fast |
|
| 776 | 0 | 8 |
_iOnline version: _tCompton yearbook _w(OCoLC)566000030 |
| 787 | 1 |
_tWorld book year book _x0084-1439 _w(DLC) 62004818 _w(OCoLC)1833861 |
|
| 906 |
_a7 _bcbc _cserials _d2 _encip _f19 _gn-oclcserc |
||
| 942 |
_2ddc _cBK |
||
| 999 |
_c40124 _d40124 |
||